Artificial Intelligence and Architecture: From Research to Practice

Bibliografiska uppgifter
Huvudupphovsman: Stanislas Chaillou
Materialtyp: Okänd
LEADER 00242 a2200085 4500
020 |a 9783035624007; 3035624003 
100 |a Stanislas Chaillou  |9 56382 
245 |a Artificial Intelligence and Architecture: From Research to Practice 
942 |c BK 
999 |c 46630  |d 46630